Pokemon 1st Generation - Sudden death - Statistics

General Stats
  • This quiz has been taken 154 times
  • The average score is 12 of 17
Answers on the Grid
Answers color-coded by a green-red scale on the quiz's grid according to % correct below.
Charizard
Metapod
Kakuna
Clefable
Crobat
Alakazam
Machamp
Tentacool
Raichu
Ninetales
Meowth
Golem
Cloyster
Exeggutor
Marowak
Scyther
Vaporeon
Umbreon
Mewtwo
Totodile
Furret
Murkrow
Unown
Larvitar
Ho-oh
Wailmer
Altaria
Metagross
Finneon
Electivire
 
Answer Stats
Answer % Correct
Charizard
84%
Meowth
82%
Mewtwo
80%
Alakazam
79%
Raichu
78%
Golem
74%
Metapod
74%
Vaporeon
74%
Machamp
73%
Exeggutor
71%
Cloyster
70%
Ninetales
70%
Tentacool
70%
Kakuna
69%
Clefable
66%
Marowak
64%
Scyther
64%
No matching quizzes found
Score Distribution
Percent of People with Each Score
Percentile by Number Answered
Your Score History
You have not taken this quiz